| 000 | 00880nam a22002657a 4500 | ||
|---|---|---|---|
| 003 | OSt | ||
| 005 | 20260430110403.0 | ||
| 008 | 260430b |||||||| |||| 00| 0 eng d | ||
| 020 | _a978-93-49531-77-2 | ||
| 037 | _cReference | ||
| 040 |
_aFEDL _beng _cFEDL |
||
| 041 |
_ahin _hhin |
||
| 082 | _a181.4 SHA/RR | ||
| 100 |
_aSharma, Raj Kishore, Ed. _91235179 |
||
| 245 |
_aBharatiya kaal- darshan: _bSamye aur sarshti ki avdharna [Hindi]/ _cedited by Raj Kishore Sharma; Shobhita Singal. |
||
| 260 |
_aNew Delhi _bKitabwale _c2025 |
||
| 300 | _a83p. | ||
| 365 |
_aINR _b250.00 |
||
| 490 | _vKhand- 1 | ||
| 650 |
_aPHILOSOPHY OF INDIA _91234613 |
||
| 650 |
_aANCIENT BHARATIYA ASTRONOMY- PHILOSOPHICAL DEPTH _91235830 |
||
| 700 |
_aSingal, Shobhita, Ed. _91235180 |
||
| 942 |
_2ddc _cREF _h181.4 SHA/RR _n0 |
||
| 999 |
_c1848652 _d1848652 |
||